书目信息 |
| 题名: |
淘金式巧攻4级考试突击训练
|
|
| 作者: | 潘晓燕 主编 | |
| 分册: | ||
| 出版信息: | 北京 世界图书出版公司 2003.09 |
|
| 页数: | 311页 | |
| 开本: | 26cm | |
| 丛书名: | ||
| 单 册: | ||
| 中图分类: | H310.4 | |
| 科图分类: | ||
| 主题词: | 英语 | |
| 电子资源: | ||
| ISBN: | 7-5062-4926-X | |
| 000 | 00582nam0 2200193 450 | |
| 001 | 0629431564 | |
| 005 | 20070727141340.85 | |
| 010 | @a7-5062-4926-X@dCNY24.00 | |
| 100 | @a20061017d2003 km y0chiy0120 ea | |
| 101 | 0 | @achi |
| 102 | @aCN@b110000 | |
| 200 | 1 | @a淘金式巧攻4级考试突击训练@Atao jin shi qiao gong 4 ji kao shi tu ji xun lian@f潘晓燕主编@Fpan xiao yan zhu bian |
| 210 | @a北京@c世界图书出版公司@d2003.09 | |
| 215 | @a311页@d26cm | |
| 606 | 0 | @a英语 |
| 690 | @aH310.4@v3 | |
| 701 | 0 | @a潘晓燕@Apan xiao yan@4主编 |
| 801 | 0 | @aCN@bPFT@c20070727 |
| 905 | @a10447@dH310.4@e762 | |
| 淘金式巧攻4级考试突击训练/潘晓燕主编.-北京:世界图书出版公司,2003.09 |
| 311页;26cm |
| ISBN 7-5062-4926-X:CNY24.00 |
| ● |
| 相关链接 |
|
|
|
|
正题名:淘金式巧攻4级考试突击训练
索取号:H310.4/762
 
预约/预借
| 序号 | 登录号 | 条形码 | 馆藏地/架位号 | 状态 | 备注 |
| 1 | 0499408 | 204994088 | 密集书库/ [索取号:H310.4/762] | 在馆 | |
| 2 | 0499409 | 204994097 | 密集书库/ [索取号:H310.4/762] | 在馆 | |
| 3 | 0499410 | 204994104 | 密集书库/ [索取号:H310.4/762] | 在馆 | |
| 4 | 0504362 | 205043629 | 密集书库/ [索取号:H310.4/762] | 在馆 | |
| 5 | 0771434 | 207714348 | 密集书库/ [索取号:H310.4/762] | 在馆 | |
| 6 | 0771448 | 207714482 | 密集书库/ [索取号:H310.4/762] | 在馆 | |
| 7 | 0771454 | 207714543 | 密集书库/ [索取号:H310.4/762] | 在馆 | |
| 8 | 0777574 | 207775745 | 密集书库/ [索取号:H310.4/762] | 在馆 | |
| 9 | 0779181 | 207791816 | 密集书库/ [索取号:H310.4/762] | 在馆 | |
| 10 | 0779364 | 207793645 | 密集书库/ [索取号:H310.4/762] | 在馆 | |
| 11 | 0787879 | 207878796 | 密集书库/ [索取号:H310.4/762] | 在馆 |